000 01109nam a22003017a 4500
003 CHAP
005 20220329134730.0
008 971013s1972 r 00010 d
010 _a24991
011 _a25963
035 _a30063
040 _cCHAP
082 _a635.65016
_bI5
110 _aInstituto Interamericano de Ciencias Agrícolas de la OEA. Centro Interamericano de Documentación e Información Agrícola
_959210
245 _aFrijol (Phaseolus spp.): bibliografía
260 _aTurrialba :
_bInstituto Interamericano de Ciencias Agrícolas de la OEA. Centro Interamericano de Documentación e Información Agrícola,
_c1972
300 _a299 p
490 _aBibliografías
_v; 4
590 _aBATCH-UPD
_b10
_c20130110
_lUCH01
_h0154
590 _aBATCH-UPD
_b10
_c20130409
_lUCH01
_h2156
590 _aBATCH-UPD
_b10
_c20130914
_lUCH01
_h0615
590 _aCONVERSION
_b10
_c20130109
_lUCH01
_h1314
650 1 4 _aFrijol
_xBibliografía.
_943339
830 0 _aBibliografías
_v; 4
_912205
901 _aBK
942 _cLIBRO
949 _a635.65016 I5
_bBC
_cC
_d33724000650065
_eC
_h33086
_i30063
_mD
_si
999 _c24991
_d24991